| 000 | 00751nam a2200193Ii 4500 | ||
|---|---|---|---|
| 003 | JO-AjNU | ||
| 008 | 230605s9999||||xx |||||||||||||| ||und|| | ||
| 040 |
_aJO-AjNU _bara _erda _cJO-AjNU |
||
| 041 | _aara | ||
| 050 | 1 | 4 | _aPN81.H546 1983 |
| 100 | 3 |
_aمرزوق،حلمي, _eauthor _919186 |
|
| 245 | 0 | 0 | _aالرومانتيكية والواقعية في الأدب " الأصول الأيديولوجية " |
| 264 | 3 | 1 | _aبيروت: دار النهضة العربية، 1983 |
| 300 | _a127ص | ||
| 336 |
_atext _btxt _2rdacontent |
||
| 337 |
_aunmediated _bn _2rdamedia |
||
| 338 |
_avolume _bnc _2rdacarrier |
||
| 650 | 4 |
_a الأدب العربي - تاريخ ونقد - الرومانسية في الأدب - الواقعية في الأدب _919187 |
|
| 999 |
_aA6278 _c9846 _d9846 |
||